| 000 | 00000nas##2200000za#4500 |
| 001 | 9.511932 |
| 003 | CaOODSP |
| 005 | 20200325114554 |
| 007 | ta |
| 008 | 150406c1991||||xxc|| p #||||f| |0eng|d |
| 022 | |a1197-7361 |
| 040 | |aCaOODSP|beng |
| 041 | |aeng |
| 041 | |afre |
| 043 | |an-cn--- |
| 086 | 1 |aNM20-1 |
| 110 | 1 |aCanada.|bCanadian Museum of Civilization. |
| 245 | 10|aCanadian Museum of Civilization, Canadian War Museum - annual report / |cPublished by Corporate Communications, Public Affairs and Publishing. |
| 246 | 1 |iAdditional title (within publication) : |aCanadian Museum of Civilization Corporation, annual report |
| 260 | |aOttawa - Ontario : |bCanadian Museum of Civilization Corporation |
| 310 | |aAnnual |
| 520 | 3 |aDetails the activities for the fiscal year. Includes financial statements. |
| 563 | |aSoftcover |
| 776 | 0#|tCanadian Museum of Civilization Corporation annual report |w(CaOODSP)9.505776 |
| 792 | |tMusée canadien des civilisations, Musée canadien de la guerre - rapport annuel / |efre|w(CaOODSP)9.511933 |